| 000 | 00572nam a2200205 a 4500 | ||
|---|---|---|---|
| 999 |
_c4441 _d4441 |
||
| 005 | 20180803165206.0 | ||
| 008 | 160108b ck ||||| |||| 00| 0 spa d | ||
| 040 |
_aCO-BoIAVH _cCO-BoIAVH |
||
| 041 | _aspa | ||
| 044 | _ack | ||
| 090 |
_aFG- _b0211 |
||
| 110 | 2 | _bFundación Ornitológica del Ecuador. | |
| 245 | 1 | 3 | _aEl cóndor de los páramos |
| 260 |
_aQuito: _bC.E.C.I.A., _bPinturas Condor, _c. |
||
| 300 | _a11 páginas | ||
| 650 | 1 | _aFauna silvestre | |
| 650 | 1 | _aCóndor de los Andes | |
| 650 | 1 | _aPáramo | |
| 942 |
_cFolleto _2z |
||